Fairy Tail A-Z - Statistiques

Statistiques générales
  • Ce quiz a été pris 207 fois
  • Le résultat moyen est 11 sur 26
Statistiques - réponses
Questions Réponses % Correct
Ancien humain, devenu le plus puissant dragon A Acnologia
94%
Race à laquelle appartiennent les créatures des livres de Zeleph D Démons
83%
Fille de Gildarts Clive K Kanna Alperona
73%
Magie maîtrisée par Natsu C Chasseur du dragon de feu
70%
Fille d'Oul U Ultia
70%
Un des esprits de Lucy, qui porte une tenue de soubrette V Virgo
69%
Île sacrée de Fairy Tail T Tenrô
63%
Magicien noir légendaire Z Zeleph
63%
Guilde fondée pour rivaliser avec Fairy Tail, dissoute à l'issue d'une guerre entre les deux P Phantom Lord
53%
Mère d'Erza E Eileen Belserion
51%
Une des guildes de l'alliance Baram, combattue par l'alliance de la Lumière O Oracion Seis
47%
Considérée comme la plus puissante des guildes de l'alliance Baram G Grimoire Heart
46%
Membre de Fairy Tail qui reste en permanence devant le tableau des annonces sans jamais réaliser une seule mission N Nab Lasaro
44%
Date à laquelle Ignir, Grandiné, Metalicana, Baislogia et Skiadram ont disparu X X777
41%
19 représentants de cette race ont été vaincus par Macao B Balkan
37%
Un des trois grands sorts de Fairy Tail, dirigés uniquement contre les ennemis L Loi des fées
35%
Père de Makarof et membre fondateur de Fairy Tail Y Yuri
35%
Équipe de mages de rang S, appartenant à la précédente avant sa dissolution Q Quatre éléments
22%
Roi d'Edolas F Faust
18%
Un des Spriggan Twelve, assassin J Jacob Lessio
18%
Femme, de la race en "D", qui peut notamment contrôler les corps des autres S Seila
18%
Seule femme et cheffe de l'unité des Trinity Raven I Ikaruga
15%
Un des commandants de l'armée d'Edolas H Hughes
12%
Combattant de l'empire d'Arbaless, subordonné direct de Brandish Myuh M Marin Hollow
11%
Mage créateur, appartenant à la guilde en "G" R Rustyrose
11%
Membre fondateur de Fairy Tail, désormais membres des Quatre Rois Célèstes d'Ishgar W Worlod Seaken
6%
Aucun quiz correspondant
Distribution des résultats
% des personnes avec chaque résultat
Percentile par nombre de réponses
Votre historique - résultats
Vous n’avez pas pris ce quiz